MARC details
| 000 -CABECERA |
| campo de control de longitud fija |
02974nam a22003494i 4500 |
| 001 - NÚMERO DE CONTROL |
| campo de control |
991061509409106706 |
| 003 - IDENTIFICADOR DEL NÚMERO DE CONTROL |
| campo de control |
ES-BaIT |
| 005 - FECHA Y HORA DE LA ÚLTIMA TRANSACCIÓN |
| campo de control |
20260413083120.0 |
| 008 - DATOS DE LONGITUD FIJA--INFORMACIÓN GENERAL |
| campo de control de longitud fija |
251113s2025 sp 000 0bspa c |
| 017 ## - NÚMERO DE COPYRIGHT O DE DEPÓSITO LEGAL |
| Número de copyright o de depósito legal |
DL SE 2328-2025 |
| Agencia que asigna |
Oficina DL Sevilla |
| 020 ## - NÚMERO INTERNACIONAL ESTÁNDAR DEL LIBRO |
| Número Internacional Estándar del Libro |
9791387939236 |
| 040 ## - FUENTE DE LA CATALOGACIÓN |
| Centro catalogador/agencia de origen |
ES-TaURV |
| Lengua de catalogación |
cat |
| Normas de descripción |
rda |
| Centro/agencia transcriptor |
ES-TaURV |
| 080 ## - NÚMERO DE LA CLASIFICACIÓN DECIMAL UNIVERSAL |
| Número de la Clasificación Decimal Universal |
792.021/.023 |
| Subdivisión auxiliar común |
-055.2 |
| 080 ## - NÚMERO DE LA CLASIFICACIÓN DECIMAL UNIVERSAL |
| Número de la Clasificación Decimal Universal |
792.021.07 Duran, Victorina |
| 080 ## - NÚMERO DE LA CLASIFICACIÓN DECIMAL UNIVERSAL |
| Número de la Clasificación Decimal Universal |
792.024.2.07 Duran, Victorina |
| 100 1# - ENTRADA PRINCIPAL--NOMBRE DE PERSONA |
| Nombre de persona |
Moreno Lago, Eva |
| Término indicativo de función/relación |
autor |
| 9 (RLIN) |
162941 |
| 245 10 - MENCIÓN DE TÍTULO |
| Título |
Victorina Durán : |
| Resto del título |
una vida llamada teatro / |
| Mención de responsabilidad, etc. |
Eva Moreno-Lago |
| 264 #1 - PRODUCCIÓN, PUBLICACIÓN, DISTRIBUCIÓN, FABRICACIÓN Y COPYRIGHT |
| Producción, publicación, distribución, fabricación y copyright |
[Sevilla] : |
| Nombre del de productor, editor, distribuidor, fabricante |
Renacimiento, |
| Fecha de producción, publicación, distribución, fabricación o copyright |
2025 |
| 336 ## - TIPO DE CONTENIDO |
| Término de tipo de contenido |
text |
| Código de tipo de contenido |
txt |
| Fuente |
rdacontent |
| 337 ## - TIPO DE MEDIO |
| Nombre/término del tipo de medio |
sense mediació |
| Código del tipo de medio |
n |
| Fuente |
rdamedia |
| 338 ## - TIPO DE SOPORTE |
| Nombre/término del tipo de soporte |
volum |
| Código del tipo de soporte |
nc |
| Fuente |
rdacarrier |
| 490 1# - MENCIÓN DE SERIE |
| Mención de serie |
Biblioteca de la memoria. Serie menor ; |
| Designación de volumen o secuencia |
18 |
| 504 ## - NOTA DE BIBLIOGRAFÍA, ETC. |
| Nota de bibliografía, etc. |
Bibliografia pàgines 313-316 |
| 520 ## - SUMARIO, ETC. |
| Sumario, etc. |
"Esta biografía reconstruye la vida y obra de una de las figuras más audaces y desconocidas de la escena teatral española. Figurinista, escenógrafa, catedrática, escritora y lesbiana visible en un tiempo adverso, Durán desbordó los márgenes impuestos a las mujeres de su época. Este libro ofrece un recorrido exhaustivo y documentado por su trayectoria profesional y sentimental, desde sus primeros pasos en las artes decorativas hasta su trabajo en el exilio argentino. A través de cartas, figurines, entrevistas y documentos inéditos, se revela no solo su innovación en el lenguaje escénico, sino también la fuerza personal con la que sostuvo su deseo hacia otras mujeres, su arte y su independencia. Esta biografía no solo reivindica a una creadora fundamental, sino que incorpora al relato histórico español una figura que la tradición anglosajona sí posee: un icono lésbico visible y poderoso. La trayectoria vital de Victorina Durán se vuelve imprescindible para comprender la historia cultural desde una perspectiva feminista y queer. Un referente necesario, hasta ahora ausente, en el imaginario colectivo. «Una biografía apasionante que confirma a Victorina Durán como una de las grandes figuras artísticas de su generación». Tània Balló «Victoria Durán, la artista total, la gran escenógrafa del 27 regresa por fin a nuestro presente. Tras años de trabajo de archivo a ambos lados del Atlántico, Eva Moreno-Lago desarmariza a Vic y su mundo con entusiasmo, rigor y una profunda admiración a la experiencia y el trabajo de una mujer libre e intensa». Nuria Capdevila-Argüelles Primera biografía de Victorina Durán: icono lésbico de la España del siglo XX y pionera del vestuario teatral moderno." -- Contracoberta |
| 600 10 - PUNTO DE ACCESO ADICIONAL DE MATERIA--NOMBRE DE PERSONA |
| Nombre de persona |
Durán, Victorina, |
| Fechas asociadas al nombre |
1899-1993 |
| 9 (RLIN) |
162937 |
| 650 #0 - PUNTO DE ACCESO ADICIONAL DE MATERIA--TÉRMINO DE MATERIA |
| Término de materia o nombre geográfico como elemento de entrada |
Escenògrafes |
| Subdivisión geográfica |
Espanya |
| Subdivisión cronológica |
S. XX |
| 9 (RLIN) |
168715 |
| 650 #0 - PUNTO DE ACCESO ADICIONAL DE MATERIA--TÉRMINO DE MATERIA |
| Término de materia o nombre geográfico como elemento de entrada |
Figurinistes |
| Subdivisión geográfica |
Espanya |
| Subdivisión cronológica |
S. XX |
| 9 (RLIN) |
74503 |
| 830 ## - PUNTO DE ACCESO ADICIONAL DE SERIE-TÍTULO UNIFORME |
| Título uniforme |
Biblioteca de la memoria (Editorial Renacimiento (Sevilla, Andalusia)) |
| Nombre de parte o sección de la obra |
Serie menor |
| Designación de volumen o secuencia |
18 |
| 9 (RLIN) |
160923 |
| 908 ## - COLOCAR PARÁMETRO DE COMANDO (RLIN) |
| Colocar parámetro de comando |
URV |
| -- |
CDMAE |
| 940 ## - EQUIVALENCIA O REFERENCIA-CRUZADA--TÍTULO UNIFORME [OBSOLETO] [solamente CAN/MARC] |
| Título uniforme |
<a href="CVA38">CVA38</a> |
| 942 ## - ELEMENTOS DE ENTRADA AGREGADA (KOHA) |
| Fuente del sistema de clasificación o colocación |
Clasificación decimal universal |
| Tipo de ítem Koha |
Llibre |